000 00698nam a2200229Ia 4500
003 OSt
005 20220923211622.0
006 a|||||r|||| 00| 0
007 ta
008 Pun
024 _a15,260
037 _cTextual
040 _aARTS
_cARTS
_bPun
041 _2Pun
_aPun
082 _aO153:g, J5
100 _aਸਿੰਘ, ਗੁਰਚਰਨ
_9156291
245 0 _aਸਾਹਿਤ ਪੜਚੋਲ
_b ਸਵਾਲਾਂ ਜਵਾਬਾਂ ਵਿਜ
260 _aਲੁਧਿਆਣਾ
_b ਲਾਹੌਰ ਬੁਕ Fਾਪ
_c1955
650 _aਪੰਜਾਬੀ ਸਾਹਿਤ
942 _hO153:g, J5
_cTEXL
_2CC
999 _c301545
_d301545